| 000 | 00598 a2200217 4500 | ||
|---|---|---|---|
| 001 | 63583 | ||
| 005 | 20260407155934.0 | ||
| 008 | 260407a1978 arg spa d | ||
| 003 | AR-UNSa-BCEJYS | ||
| 040 |
_aAR-UNSa-BCEJYS _bspa _cAR-UNSa-BCEJYS |
||
| 080 |
_a004.43 _xLenguajes de programación de ordenadores |
||
| 245 | 1 | 0 | _aFortran IV y Algol 60 |
| 264 | 1 |
_aMéxico : _bLimusa _c1978 |
|
| 300 |
_a202 p. _c22 cm. |
||
| 041 | _aspa | ||
| 942 | _cBK | ||
| 590 | _aniveau_biblio:m niveau_hierar:0 | ||
| 100 | 1 | _aVowels, R.A. | |
| 650 | _aFORTRAN IV ALGOL 60 | ||
| 650 | _a fortran iv algol 60 | ||
| 999 |
_c8241 _d8241 |
||